| 000 | 00554cam a22001337a 4500 | ||
|---|---|---|---|
| 008 | 180718b1962 xxu||||| |||| 00| 0 eng d | ||
| 082 | _aZ46x54 N213 | ||
| 245 |
_aLong term projections of demand for the supply of selected agricultural commodities, 1960-61 to 1975-76 _cby National Council of Applied Economic Research |
||
| 260 |
_aNew Delhi _bNational Council of Applied Economic Research _c1962 |
||
| 300 | _a262p. | ||
| 650 | _aFarm produce - India | ||
| 650 | _aAgricultural marketing - India | ||
| 700 | _aNational Council of Applied Economic Research | ||
| 999 |
_c375367 _d375367 |
||